Struktura i pole dannych pri raspoznavanii obrazov

Salvato in:
Dettagli Bibliografici
Autore principale: Levit, Vadim Jefimovič
Altri autori: Pereverzev-Orlov, Vjačeslav Sergejevič
Natura: Libro
Lingua:russo
Pubblicazione: Moskva Nauka 1984
Tags: Aggiungi Tag
Nessun Tag, puoi essere il primo ad aggiungerne!!

MARC

LEADER 00000nam a2200000 4500
001 c105851
005 20041019155135.6
041 0 |a rus 
044 |a RU 
245 1 0 |a Struktura i pole dannych pri raspoznavanii obrazov  |c Vadim Jefimovič Levit, Vjačeslav Sergejevič Pereverzev-Orlov 
264 1 |a Moskva  |b Nauka  |c 1984 
300 |a 127 s. 
100 1 |a Levit, Vadim Jefimovič 
700 1 |a Pereverzev-Orlov, Vjačeslav Sergejevič